The ideas of sovereignty and state in Indian political thought, (Record no. 60761)

MARC details
000 -LEADER
fixed length control field 00724cam a22002411 4500
001 - CONTROL NUMBER
control field sa 64008230
003 - CONTROL NUMBER IDENTIFIER
control field DLC
005 - DATE AND TIME OF LATEST TRANSACTION
control field 20260227112053.0
008 - FIXED-LENGTH DATA ELEMENTS--GENERAL INFORMATION
fixed length control field 791004s1963 xx 000 0 eng
010 ## - LIBRARY OF CONGRESS CONTROL NUMBER
LC control number sa 64008230
025 ## - OVERSEAS ACQUISITION NUMBER
Overseas acquisition number PL480:I-E-3042
035 ## - SYSTEM CONTROL NUMBER
System control number (OCoLC)5467858
040 ## - CATALOGING SOURCE
Original cataloging agency DLC
Transcribing agency NNepaSU
Modifying agency DLC
042 ## - AUTHENTICATION CODE
Authentication code premarc
050 00 - LIBRARY OF CONGRESS CALL NUMBER
Classification number JC273
Item number .P34
100 1# - MAIN ENTRY--PERSONAL NAME
Personal name Pannikkar, Karalam Madhara,
Dates associated with a name 1896-
245 14 - TITLE STATEMENT
Title The ideas of sovereignty and state in Indian political thought,
Statement of responsibility, etc. by K. M. Panikkar.
260 ## - PUBLICATION, DISTRIBUTION, ETC.
Place of publication, distribution, etc. Bombay,
Name of publisher, distributor, etc. Bharatiya Vidya Bhavan,
Date of publication, distribution, etc. 1963.
300 ## - PHYSICAL DESCRIPTION
Extent vii, 107 p.
Dimensions 19 cm.
440 #0 - SERIES STATEMENT/ADDED ENTRY--TITLE
Title Bhavan's book university,
Volume/sequential designation 116
650 #0 - SUBJECT ADDED ENTRY--TOPICAL TERM
Topical term or geographic name entry element State, The.
650 #0 - SUBJECT ADDED ENTRY--TOPICAL TERM
Topical term or geographic name entry element Political science
Geographic subdivision India
General subdivision History.

No items available.

Powered by Koha